Is it from Mario? - Statistics

General Stats
  • This quiz has been taken 43 times
  • The average score is 8 of 11
Answers on the Grid
Answers color-coded by a green-red scale on the quiz's grid according to % correct below.
Birdo
Barbaracle
Wiggler
Poppy
Starmite
Bob-Omb
Boo
Thwomp
Tara
Knight
Dantini
Squizzard
Fluzzard
Penguin
Belossom
Zubat
Mega Knight
Rosalina
Jesus
Pauline
Waluigi
 
Answer Stats
Answer % Correct
Birdo
97%
Boo
94%
Waluigi
91%
Rosalina
88%
Bob-Omb
82%
Thwomp
79%
Pauline
76%
Wiggler
76%
Penguin
45%
Fluzzard
27%
Squizzard
27%
No matching quizzes found
Score Distribution
Percent of People with Each Score
Percentile by Number Answered
Your Score History
You have not taken this quiz